BIBLIOTECA

SENCICO

Manual de supervisión de obras de concreto (Registro nro. 1878)

Detalles MARC
000 -LEADER
fixed length control field 00746nam a2200205Ia 4500
005 - DATE AND TIME OF LATEST TRANSACTION
control field 20251020182525.0
008 - FIXED-LENGTH DATA ELEMENTS--GENERAL INFORMATION
fixed length control field 200515s9999 xx 000 0 und d
082 ## - DEWEY DECIMAL CLASSIFICATION NUMBER
Classification number 691.330.6/G71
100 ## - MAIN ENTRY--PERSONAL NAME
Personal name GONZALES SANDOVAL, Federico
245 #0 - TITLE STATEMENT
Title Manual de supervisión de obras de concreto
250 ## - EDITION STATEMENT
Edition statement 2a ed.
260 ## - PUBLICATION, DISTRIBUTION, ETC.
Place of publication, distribution, etc. México, D.F.
260 ## - PUBLICATION, DISTRIBUTION, ETC.
Date of publication, distribution, etc. 2000
500 ## - GENERAL NOTE
General note 1 ejemplar
520 ## - SUMMARY, ETC.
Summary, etc. La organización del manual permitirá al supervisor prever los suministros de acuerdo con su programa y sus especificaciones, verificar la calidad de los materiales y de la mano de obra, planear y controlar sus procedimientos de trabajo, verificar el trazo
650 ## - SUBJECT ADDED ENTRY--TOPICAL TERM
Topical term or geographic name entry element CONCRETO
650 ## - SUBJECT ADDED ENTRY--TOPICAL TERM
Topical term or geographic name entry element LIB
650 ## - SUBJECT ADDED ENTRY--TOPICAL TERM
Topical term or geographic name entry element SUPERVISION DE OBRAS
942 ## - ADDED ENTRY ELEMENTS (KOHA)
Koha item type Libros
Existencias
Fecha de la última vez que lo usaron Pago total Signatura topográfica completa Código de barras Precio efectivo desde Tipo de documento Estado perdido Estado dañado No es para préstamo Retirado Ubicación permanente Ubicación actual Fecha de adquisición
15/05/2020   691.330.6/G71 Bib-Lima15051878 15/05/2020 Libros         Biblioteca Central Lima Biblioteca Central Lima 15/05/2020